Agricultural insurance: Theory and practice and application to developing countries (Record no. 38897)

MARC details
000 -LEADER
fixed length control field 00381nam a2200133Ia 4500
082 ## - DEWEY DECIMAL CLASSIFICATION NUMBER
Classification number 63:368
Item number RAY
100 ## - MAIN ENTRY--AUTHOR NAME
Personal name Ray, P K
245 #0 - TITLE STATEMENT
Title Agricultural insurance: Theory and practice and application to developing countries
250 ## - EDITION STATEMENT
Edition statement Ed.2
260 ## - PUBLICATION, DISTRIBUTION, ETC. (IMPRINT)
Place of publication New York
Name of publisher Pergamon
Year of publication 1981
650 ## - SUBJECT ADDED ENTRY--TOPICAL TERM
Topical Term Agricultural insurance
942 ## - ADDED ENTRY ELEMENTS (KOHA)
Koha item type Books
Holdings
Withdrawn status Lost status Damaged status Not for loan Home library Current library Date acquired Cost, normal purchase price Full call number Accession Number Koha item type
        RRII Library RRII Library 16/12/2021 90.00 63:368 RAY 19248 Books